000 00669nam a22002417a 4500
003 UA-OsUOA
001 75508
007 ta
008 20110526b un ||||| |||| 00| 0 ukr d
100 _aЗабаштанський В.О.
090 _a821.161.2
_bЗ-12
942 _cBK
040 _aUA-OsUOA
_bukr
_cUA-OsUOA
_dUA-OsUOA
245 _aІ все-таки - стою!..
_bпоезії, переклади
300 _a672 с.
955 _a3
041 _aukr
080 _a821.161.2
020 _a978-966-349-129-5
260 _aК.
_bГрамота
_c2009
650 7 _a82 Література. Літературознавство
_2UDC
999 _c361806
_d361806